header

Broadening the Investor Base for Local Currency Bonds in ASEAN+2 Countries / (Record no. 55970)

MARC details
000 -LEADER
fixed length control field 01795nam a2200397 i 4500
001 - CONTROL NUMBER
control field ebr10900925
003 - CONTROL NUMBER IDENTIFIER
control field CaPaEBR
006 - FIXED-LENGTH DATA ELEMENTS--ADDITIONAL MATERIAL CHARACTERISTICS--GENERAL INFORMATION
fixed length control field m o d
007 - PHYSICAL DESCRIPTION FIXED FIELD--GENERAL INFORMATION
fixed length control field cr cn|||||||||
008 - FIXED-LENGTH DATA ELEMENTS--GENERAL INFORMATION
fixed length control field 140818t20132013ph ad ob 000 0 eng d
020 ## - INTERNATIONAL STANDARD BOOK NUMBER
Cancelled/invalid ISBN 9789292540654
International Standard Book Number 9789292540661 (e-book)
040 ## - CATALOGING SOURCE
Original cataloging agency CaPaEBR
Language of cataloging eng
Description conventions rda
-- pn
Transcribing agency CaPaEBR
035 ## - SYSTEM CONTROL NUMBER
System control number (OCoLC)872644008
043 ## - GEOGRAPHIC AREA CODE
Geographic area code a------
050 14 - LIBRARY OF CONGRESS CALL NUMBER
Classification number HG3851.A85
Item number .B76 2013eb
082 04 - DEWEY DECIMAL CLASSIFICATION NUMBER
Classification number 332.45
Edition number 23
110 2# - MAIN ENTRY--CORPORATE NAME
Corporate name or jurisdiction name as entry element Asian Development Bank.
245 10 - TITLE STATEMENT
Title Broadening the Investor Base for Local Currency Bonds in ASEAN+2 Countries /
Statement of responsibility, etc Asian Development Bank.
264 #1 - PRODUCTION, PUBLICATION, DISTRIBUTION, MANUFACTURE, AND COPYRIGHT NOTICE
Place of production, publication, distribution, manufacture Mandaluyong City, Metro Manila, Philippines :
Name of producer, publisher, distributor, manufacturer Asian Development Bank,
Date of production, publication, distribution, manufacture, or copyright notice 2013.
Date of production, publication, distribution, manufacture, or copyright notice �2013
300 ## - PHYSICAL DESCRIPTION
Extent 1 online resource (85 pages) :
Other physical details illustrations, tables, charts
336 ## - CONTENT TYPE
Content type term text
Source rdacontent
337 ## - MEDIA TYPE
Media type term computer
Source rdamedia
338 ## - CARRIER TYPE
Carrier type term online resource
Source rdacarrier
504 ## - BIBLIOGRAPHY, ETC. NOTE
Bibliography, etc Includes bibliographical references.
588 ## - SOURCE OF DESCRIPTION NOTE
Source of description note Description based on online resource; title from PDF title page (ebrary, viewed August 14, 2014).
590 ## - LOCAL NOTE (RLIN)
Local note Electronic reproduction. Palo Alto, Calif. : ebrary, 2014. Available via World Wide Web. Access may be limited to ebrary affiliated libraries.
650 #0 - SUBJECT ADDED ENTRY--TOPICAL TERM
Topical term or geographic name as entry element Currency convertibility
Geographic subdivision Asia.
Topical term or geographic name as entry element Investments
Geographic subdivision Asia.
Topical term or geographic name as entry element Bonds
Geographic subdivision Asia.
655 #0 - INDEX TERM--GENRE/FORM
Genre/form data or focus term Electronic books.
776 08 - ADDITIONAL PHYSICAL FORM ENTRY
Display text Print version:
Main entry heading Asian Development Bank
Title Broadening the Investor Base for Local Currency Bonds in ASEAN+2 Countries.a
Place, publisher, and date of publication Mandaluyong City, Metro Manila, Philippines : Asian Development Bank, c2013
Physical description vii, 76 pages
International Standard Book Number 9789292540654
797 2# - LOCAL ADDED ENTRY--CORPORATE NAME (RLIN)
Corporate name or jurisdiction name as entry element ebrary.
856 40 - ELECTRONIC LOCATION AND ACCESS
Uniform Resource Identifier <a href="http://site.ebrary.com/lib/rucke/Doc?id=10900925">http://site.ebrary.com/lib/rucke/Doc?id=10900925</a>
Public note An electronic book accessible through the World Wide Web; click to view

No items available.

© 2026 Rongo University
Contact us: librarian | system librarian | Rongo university